[Event "HUN-chT 2223"]
[Site "Hungary"]
[Date "2023.04.23"]
[Round "9.10"]
[White "Izsak, Gyula"]
[Black "Magyar, Andras"]
[Result "1/2-1/2"]
[WhiteElo "2397"]
[BlackElo "2235"]
[PlyCount "52"]
[EventDate "2022.11.20"]
[EventType "team-tourn"]
[EventRounds "9"]
[EventCountry "HUN"]
[SourceTitle "EXT 2024"]
[Source "ChessBase"]
[SourceDate "2023.10.10"]
[SourceVersion "1"]
[SourceVersionDate "2023.10.10"]
[SourceQuality "1"]
[WhiteTeam "Kobanya Aquarena"]
[BlackTeam "Haladas"]
[WhiteTeamCountry "HUN"]
[BlackTeamCountry "HUN"]

1. d4 Nf6 2. c4 g6 3. Nf3 Bg7 4. Nc3 0-0 5. g3 d6 6. Bg2 Nc6 7. 0-0 a6 8. Bf4 Rb8 9. Rc1 Bd7 10. a3 Nh5 11. Be3 e5 12. b4 exd4 13. Bxd4 Nxd4 14. Nxd4 Nf6 15. Qd2 c6 16. Rfd1 Qe7 17. h3 Rbd8 18. e3 Rfe8 19. Qe2 h5 20. Nf3 Bf5 21. Nd4 Bd7 22. Nf3 Bf5 23. Nd4 Bc8 24. Nf3 Bf5 25. Nd4 Bc8 26. Nf3 Bd7 1/2-1/2

[Event "HUN-chT 2223"]
[Site "Hungary"]
[Date "2023.01.15"]
[Round "7.12"]
[White "Sulyok, Eszter"]
[Black "Magyar, Andras"]
[Result "0-1"]
[WhiteElo "2008"]
[BlackElo "2235"]
[PlyCount "84"]
[EventDate "2022.11.20"]
[EventType "team-tourn"]
[EventRounds "9"]
[EventCountry "HUN"]
[SourceTitle "CBM 213 Extra"]
[Source "ChessBase"]
[SourceDate "2023.05.31"]
[SourceVersion "1"]
[SourceVersionDate "2023.05.31"]
[SourceQuality "1"]
[WhiteTeam "Biatorbagy"]
[BlackTeam "Haladas"]
[WhiteTeamCountry "HUN"]
[BlackTeamCountry "HUN"]

1. c4 Nf6 2. Nc3 g6 3. e4 d6 4. d4 Bg7 5. f3 0-0 6. Be3 a6 7. Qd2 Nc6 8. Nge2 Rb8 9. Ng3 Bd7 10. Be2 e5 11. d5 Nd4 12. Bxd4 exd4 13. Qxd4 c5 14. dxc6 bxc6 15. Qxd6 Rxb2 16. 0-0 Ne8 17. Qd3 Qa5 18. Qxd7 Bxc3 19. Qxc6 Rb6 20. Qd5 Qxd5 21. exd5 Bd4+ 22. Kh1 Bxa1 23. Rxa1 Rb2 24. Rc1 Nf6 25. Bf1 Rc8 26. Ne4 Nxd5 27. c5 Rc6 28. h3 Ne3 29. Bd3 f5 30. Ng3 Rd2 31. Rc3 Nd1 32. Bc4+ Kf8 33. Rb3 Rxc5 34. Bxa6 Rxa2 35. Rb8+ Ke7 36. Rb7+ Kd6 37. Be2 Nc3 38. Bd3 Rd2 39. Ba6 Rc6 40. Rb8 Rd1+ 41. Bf1 Kc7 42. Rf8 h5 0-1

[Event "HUN-chT2 Charousek 1819"]
[Site "Hungary"]
[Date "2019.04.28"]
[Round "11.7"]
[White "Magyar, Andras"]
[Black "Jamrich, Gyorgy"]
[Result "1-0"]
[WhiteElo "2263"]
[BlackElo "2181"]
[PlyCount "91"]
[EventDate "2018.09.23"]
[EventType "team-tourn"]
[EventRounds "11"]
[EventCountry "HUN"]
[SourceTitle "EXT 2021"]
[Source "ChessBase"]
[SourceDate "2020.10.23"]
[SourceVersion "1"]
[SourceVersionDate "2020.10.23"]
[SourceQuality "1"]
[WhiteTeam "Haladas Szombathely II"]
[BlackTeam "Biatorbagy"]
[WhiteTeamCountry "HUN"]
[BlackTeamCountry "HUN"]

1. e4 c6 2. d4 d5 3. e5 Bf5 4. Be3 e6 5. Nd2 Ne7 6. f4 h5 7. Ngf3 Nd7 8. Be2 h4 9. 0-0 Qc7 10. Nb3 Bg4 11. Qd2 Nf5 12. Bf2 Nb6 13. Na5 Be7 14. Rfc1 Bxf3 15. Bxf3 Rd8 16. b4 g5 17. fxg5 Rg8 18. Qe1 Bxg5 19. Rd1 Na4 20. Rab1 b6 21. Nb3 b5 22. Rd3 Nb6 23. Qe2 Qe7 24. Nc5 Ra8 25. Bg4 Nh6 26. Bh3 a5 27. bxa5 Rxa5 28. a3 Nc4 29. a4 Kf8 30. Be1 Ra7 31. Bb4 bxa4 32. Nxe6+ fxe6 33. Bxe6 Rg6 34. Bxe7+ Kxe7 35. Bh3 a3 36. Rdb3 a2 37. Rb7+ Kd8 38. Rb8+ Ke7 39. R1b7+ Rxb7 40. Rxb7+ Kd8 41. Ra7 Be3+ 42. Kh1 Bxd4 43. Rxa2 Nxe5 44. Ra4 Bb2 45. Rb4 Ba1 46. Qe1 1-0

[Event "HUN-chT2 Charousek 1819"]
[Site "Hungary"]
[Date "2018.11.18"]
[Round "4.7"]
[White "Magyar, Andras"]
[Black "Balogh, Peter1111"]
[Result "1-0"]
[WhiteElo "2263"]
[BlackElo "2049"]
[PlyCount "97"]
[EventDate "2018.09.23"]
[EventType "team-tourn"]
[EventRounds "11"]
[EventCountry "HUN"]
[SourceTitle "CBM 189 Extra"]
[Source "ChessBase"]
[SourceDate "2019.06.03"]
[SourceVersion "1"]
[SourceVersionDate "2019.06.03"]
[SourceQuality "1"]
[WhiteTeam "Haladas Szombathely II"]
[BlackTeam "Gyor Szechenyi"]
[WhiteTeamCountry "HUN"]
[BlackTeamCountry "HUN"]

1. e4 g6 2. d4 Bg7 3. Nf3 d6 4. Nc3 a6 5. a4 Bg4 6. Be3 Nc6 7. Be2 e5 8. dxe5 dxe5 9. Nd5 Nf6 10. Nxf6+ Qxf6 11. c3 0-0 12. a5 Bxf3 13. Bxf3 Qe6 14. Qa4 f5 15. Rd1 f4 16. Bc5 Rfd8 17. 0-0 Bf8 18. Bxf8 Kxf8 19. Rd5 Rd6 20. Rfd1 Rad8 21. Qa3 Kg7 22. Qc5 Qe7 23. Rxd6 Rxd6 24. Rxd6 Qxd6 25. Qxd6 cxd6 26. b4 h5 27. Kf1 Kf6 28. Ke2 Ke6 29. Kd3 Na7 30. Bd1 Kd7 31. h4 Nc8 32. Ba4+ Kc7 33. Be8 Ne7 34. Bf7 b6 35. axb6+ Kxb6 36. c4 a5 37. b5 Kc5 38. Kc3 a4 39. Be8 f3 40. g3 Ng8 41. Bxg6 Nf6 42. Bf5 d5 43. cxd5 Kxb5 44. Kb2 Kc4 45. d6 Kd3 46. d7 Nxd7 47. Bxd7 Ke2 48. g4 Kxf2 49. gxh5 1-0

[Event "HUN-chT2 Charousek 1819"]
[Site "Hungary"]
[Date "2018.09.23"]
[Round "1.9"]
[White "Kresz, Adam"]
[Black "Magyar, Andras"]
[Result "0-1"]
[WhiteElo "1933"]
[BlackElo "2263"]
[PlyCount "58"]
[EventDate "2018.09.23"]
[EventType "team-tourn"]
[EventRounds "11"]
[EventCountry "HUN"]
[SourceTitle "CBM 189 Extra"]
[Source "ChessBase"]
[SourceDate "2019.06.03"]
[SourceVersion "1"]
[SourceVersionDate "2019.06.03"]
[SourceQuality "1"]
[WhiteTeam "Komlo Banyasz"]
[BlackTeam "Haladas Szombathely II"]
[WhiteTeamCountry "HUN"]
[BlackTeamCountry "HUN"]

1. e4 c5 2. Nf3 Nc6 3. d4 cxd4 4. Nxd4 Nf6 5. Nc3 d6 6. Be2 e5 7. Nb3 Be7 8. 0-0 0-0 9. f4 a5 10. a4 Nb4 11. Kh1 Qc7 12. Be3 Be6 13. Rc1 Rfd8 14. Nb5 Qc6 15. f5 Bc4 16. Bxc4 Qxc4 17. Bb6 Rd7 18. Nc3 Ra6 19. Bf2 d5 20. exd5 Nbxd5 21. Qe1 Nxc3 22. bxc3 Ne4 23. Bd4 exd4 24. Qxe4 Qxc3 25. f6 Re6 26. Qg4 Bxf6 27. Rxf6 h5 28. Rxe6 hxg4 29. Re8+ Kh7 0-1

[Event "HUN-chT2 Szechenyi 1617"]
[Site "Hungary"]
[Date "2016.09.25"]
[Round "1.3"]
[White "Kiss, Csaba"]
[Black "Magyar, Andras"]
[Result "0-1"]
[WhiteElo "1834"]
[BlackElo "2251"]
[PlyCount "56"]
[EventDate "2016.09.25"]
[EventType "team-tourn"]
[EventRounds "11"]
[EventCountry "HUN"]
[SourceTitle "EXT 2021"]
[Source "ChessBase"]
[SourceDate "2020.10.23"]
[SourceVersion "1"]
[SourceVersionDate "2020.10.23"]
[SourceQuality "1"]
[WhiteTeam "Papa"]
[BlackTeam "Haladas Szombathely III"]
[WhiteTeamCountry "HUN"]
[BlackTeamCountry "HUN"]

1. d4 Nf6 2. c4 g6 3. Nc3 Bg7 4. Nf3 0-0 5. e3 d6 6. Be2 c6 7. 0-0 a6 8. a4 a5 9. Ra3 Qc7 10. Bd2 e5 11. Qc2 Na6 12. Na2 Bf5 13. Qc1 Ne4 14. Be1 Rfe8 15. Nh4 Bd7 16. Bd3 exd4 17. f3 Nec5 18. e4 Be6 19. Bb1 Qe7 20. g3 b6 21. Bf2 d5 22. cxd5 cxd5 23. exd5 Bxd5 24. Rd1 Nb3 25. Qc2 Rac8 26. Qd3 Nac5 27. Qf1 Qe2 28. Nc1 Nxc1 0-1

[Event "HUN-chT 1415"]
[Site "Hungary"]
[Date "2015.03.01"]
[Round "7.4"]
[White "Magyar, Andras"]
[Black "Kantor, Gergely"]
[Result "0-1"]
[WhiteElo "2252"]
[BlackElo "2370"]
[PlyCount "82"]
[EventDate "2014.10.12"]
[EventType "team-tourn"]
[EventRounds "9"]
[EventCountry "HUN"]
[SourceTitle "EXT 2016"]
[Source "ChessBase"]
[SourceDate "2015.10.08"]
[SourceVersion "1"]
[SourceVersionDate "2015.10.08"]
[SourceQuality "1"]
[WhiteTeam "HVSE Infraplan"]
[BlackTeam "Aquaprofit"]
[WhiteTeamCountry "HUN"]
[BlackTeamCountry "HUN"]

1. e4 e5 2. Nf3 Nc6 3. Bb5 a6 4. Ba4 Nf6 5. d4 exd4 6. 0-0 Be7 7. Re1 b5 8. Bb3 d6 9. Bd5 Nxd5 10. exd5 Ne5 11. Nxd4 0-0 12. a4 Bd7 13. Nc3 b4 14. Nce2 Qc8 15. Ng3 Re8 16. f4 Ng4 17. h3 Nf6 18. Qf3 Qb7 19. Nc6 Bf8 20. Be3 a5 21. Bd4 Nxd5 22. Qxd5 Qxc6 23. Qg5 h6 24. Qh4 Qxc2 25. Rec1 Qd3 26. f5 c5 27. Rd1 Qb3 28. Bxc5 dxc5 29. Rxd7 Qxb2 30. Rad1 Qe5 31. Qg4 Re7 32. R7d5 Qe3+ 33. Kh2 Qg5 34. Qc4 Re3 35. Nf1 Rc3 36. Qe4 Qe7 37. Re5 Qc7 38. Qxa8 Qxe5+ 39. Kg1 c4 40. Rd8 Qc5+ 41. Kh2 Rd3 0-1

[Event "HUN-chT2 Szechenyi 1415"]
[Site "Hungary"]
[Date "2014.09.21"]
[Round "2.5"]
[White "Magyar, Andras"]
[Black "Simo, Judit"]
[Result "1-0"]
[WhiteElo "2244"]
[BlackElo "1947"]
[PlyCount "45"]
[EventDate "2014.09.07"]
[EventType "team-tourn"]
[EventRounds "11"]
[EventCountry "HUN"]
[SourceTitle "EXT 2016"]
[Source "ChessBase"]
[SourceDate "2015.10.08"]
[SourceVersion "1"]
[SourceVersionDate "2015.10.08"]
[SourceQuality "1"]
[WhiteTeam "HVSE Infraplan"]
[BlackTeam "Tapolca"]
[WhiteTeamCountry "HUN"]
[BlackTeamCountry "HUN"]

1. e4 c5 2. Nf3 d6 3. d4 cxd4 4. Nxd4 Nf6 5. Nc3 Nc6 6. Bc4 Qb6 7. Nb3 e6 8. 0-0 Be7 9. Be3 Qc7 10. Be2 0-0 11. f4 Rd8 12. Qe1 d5 13. e5 Ne4 14. Nxe4 dxe4 15. c3 Na5 16. Qb1 Nxb3 17. axb3 Bc5 18. Qxe4 Rd2 19. Bf3 Rxb2 20. b4 Bxe3+ 21. Qxe3 a6 22. Rfd1 Rc2 23. Qd3 1-0

[Event "HUN-chT2 Charousek 1314"]
[Site "Hungary"]
[Date "2014.04.27"]
[Round "11"]
[White "Horvath, Csaba3333"]
[Black "Magyar, Andras"]
[Result "1/2-1/2"]
[WhiteElo "2208"]
[BlackElo "2259"]
[PlyCount "28"]
[EventDate "2013.09.08"]
[EventType "team-tourn"]
[EventRounds "11"]
[EventCountry "HUN"]
[SourceTitle "EXT 2016"]
[Source "ChessBase"]
[SourceDate "2015.10.08"]
[SourceVersion "1"]
[SourceVersionDate "2015.10.08"]
[SourceQuality "1"]
[WhiteTeam "Geniusz Tata"]
[BlackTeam "Szombathely Haladas II"]
[WhiteTeamCountry "HUN"]
[BlackTeamCountry "HUN"]

1. e4 c5 2. Nf3 Nc6 3. d4 cxd4 4. Nxd4 Nf6 5. Nc3 d6 6. Bg5 e6 7. Qd2 a6 8. 0-0-0 Bd7 9. f3 b5 10. g4 h6 11. Be3 Ne5 12. g5 hxg5 13. Bxg5 Qc7 14. f4 b4 1/2-1/2

[Event "HUN-chT 1314"]
[Site "Hungary"]
[Date "2014.03.23"]
[Round "7"]
[White "Juhasz, Armin"]
[Black "Magyar, Andras"]
[Result "1/2-1/2"]
[WhiteElo "2233"]
[BlackElo "2259"]
[PlyCount "44"]
[EventDate "2013.09.08"]
[EventType "team-tourn"]
[EventRounds "9"]
[EventCountry "HUN"]
[SourceTitle "EXT 2015"]
[Source "ChessBase"]
[SourceDate "2014.11.20"]
[SourceVersion "1"]
[SourceVersionDate "2014.11.20"]
[SourceQuality "1"]
[WhiteTeam "Budapest Titanok"]
[BlackTeam "HVSE Infraplan"]
[WhiteTeamCountry "HUN"]
[BlackTeamCountry "HUN"]

1. d4 Nf6 2. c4 g6 3. Nc3 Bg7 4. e4 d6 5. Be2 0-0 6. Bg5 c5 7. d5 Na6 8. Qd2 Bd7 9. Nf3 Rb8 10. 0-0 Nc7 11. e5 Nfe8 12. Ne4 Bf5 13. exd6 Nxd6 14. Nxd6 Qxd6 15. Bf4 e5 16. dxe6 Qxd2 17. Nxd2 Rbc8 18. Bxc7 Rxc7 19. exf7+ Kxf7 20. g4 Re8 21. Bf3 Bd3 22. Rfe1 Bxb2 1/2-1/2

[Event "HUN-chT 1213"]
[Site "Hungary"]
[Date "2012.11.04"]
[Round "3"]
[White "Magyar, Andras"]
[Black "Manyoki, Anna"]
[Result "1/2-1/2"]
[WhiteElo "2271"]
[BlackElo "1985"]
[PlyCount "59"]
[EventDate "2012.09.16"]
[EventType "team-tourn"]
[EventRounds "9"]
[EventCountry "HUN"]
[SourceTitle "EXT 2013"]
[Source "ChessBase"]
[SourceDate "2012.11.22"]
[SourceVersion "1"]
[SourceVersionDate "2012.11.22"]
[SourceQuality "1"]
[WhiteTeam "HVSE Infraplan"]
[BlackTeam "Dunaharaszti"]
[WhiteTeamCountry "HUN"]
[BlackTeamCountry "HUN"]

1. e4 e5 2. Nf3 Nc6 3. Bb5 a6 4. Ba4 Nf6 5. d3 b5 6. Bb3 Be7 7. 0-0 d6 8. c3 0-0 9. a4 Bb7 10. Re1 Nb8 11. Nbd2 Re8 12. Nf1 Bf8 13. Ne3 g6 14. Ng5 Re7 15. Qf3 Bg7 16. Ng4 Nbd7 17. Qh3 h5 18. Nxf6+ Bxf6 19. axb5 axb5 20. Rxa8 Bxa8 21. g4 Nc5 22. Bxf7+ Rxf7 23. Nxf7 Kxf7 24. gxh5 d5 25. hxg6+ Kxg6 26. Qf5+ Kf7 27. Qh7+ Ke6 28. Qf5+ Kf7 29. Qh7+ Ke6 30. Qf5+ 1/2-1/2

[Event "Oberliga Wuerttemberg 0910"]
[Site "Wuerttemberg"]
[Date "2010.01.10"]
[Round "5.4"]
[White "Magyar, Andras"]
[Black "Pieper, Thomas"]
[Result "0-1"]
[WhiteElo "2226"]
[BlackElo "2160"]
[PlyCount "62"]
[EventDate "2009.10.11"]
[EventType "team-tourn"]
[EventRounds "9"]
[EventCountry "GER"]
[SourceTitle "EXT 2019"]
[Source "ChessBase"]
[SourceDate "2018.10.10"]
[SourceVersion "1"]
[SourceVersionDate "2018.10.10"]
[SourceQuality "1"]
[WhiteTeam "Rommelshausen"]
[BlackTeam "Ulm Post"]
[WhiteTeamCountry "GER"]
[BlackTeamCountry "GER"]

1. e4 e5 2. Nf3 Nc6 3. Bb5 Nf6 4. 0-0 Nxe4 5. Re1 Nd6 6. Nxe5 Be7 7. Bd3 Nxe5 8. Rxe5 0-0 9. Nc3 Bf6 10. Re3 g6 11. Qf3 Rb8 12. b3 b6 13. Ba3 Bb7 14. Qg3 Bh4 15. Qh3 Bg5 16. Re2 c5 17. Rae1 f5 18. Bb2 Bc6 19. a4 Bf6 20. Nb5 Bxb5 21. Bxf6 Qxf6 22. axb5 Rbe8 23. Qf3 Rxe2 24. Bxe2 Kg7 25. Bd3 Re8 26. Rxe8 Nxe8 27. Qb7 Qa1+ 28. Bf1 Nf6 29. Qf3 Ne4 30. Qf4 Qe1 31. Qe5+ Kf7 0-1

[Event "HUN-chT2 Charousek 0910"]
[Site "Hungary"]
[Date "2009.12.06"]
[Round "3"]
[White "Dobos, Jozsef"]
[Black "Magyar, Andras"]
[Result "0-1"]
[WhiteElo "2288"]
[BlackElo "2298"]
[PlyCount "60"]
[EventDate "2009.11.08"]
[EventType "team-tourn"]
[EventRounds "11"]
[EventCountry "HUN"]
[SourceTitle "EXT 2011"]
[Source "ChessBase"]
[SourceDate "2010.11.26"]
[SourceVersion "1"]
[SourceVersionDate "2010.11.26"]
[SourceQuality "1"]
[WhiteTeam "Csuti II"]
[BlackTeam "Haladas II"]
[WhiteTeamCountry "HUN"]
[BlackTeamCountry "HUN"]

1. d4 d5 2. c4 c6 3. Nc3 Nf6 4. e3 a6 5. Qc2 b5 6. b3 g6 7. Bd3 Bg7 8. Nf3 0-0 9. 0-0 Nbd7 10. Bb2 Bb7 11. Rad1 Qb6 12. Rfe1 Rfe8 13. e4 dxe4 14. Nxe4 Nxe4 15. Bxe4 Rad8 16. Ne5 Nf8 17. c5 Qc7 18. f4 f6 19. Nd3 f5 20. Bf3 Bxd4+ 21. Bxd4 Rxd4 22. Ne5 Red8 23. Rxd4 Rxd4 24. Qc3 Rd8 25. Bxc6 Bxc6 26. Nxc6 Qxc6 27. Rxe7 Ne6 28. Qf6 Qxc5+ 29. Kf1 Rd1+ 30. Ke2 Qc2+ 0-1

[Event "HUN-chT 0910"]
[Site "Hungary"]
[Date "2009.11.08"]
[Round "1"]
[White "Egedi, Istvan"]
[Black "Magyar, Andras"]
[Result "1-0"]
[WhiteElo "2299"]
[BlackElo "2298"]
[PlyCount "75"]
[EventDate "2009.11.08"]
[EventType "team-tourn"]
[EventRounds "11"]
[EventCountry "HUN"]
[SourceTitle "EXT 2011"]
[Source "ChessBase"]
[SourceDate "2010.11.26"]
[SourceVersion "1"]
[SourceVersionDate "2010.11.26"]
[SourceQuality "1"]
[WhiteTeam "Dunaharaszti"]
[BlackTeam "Haladas"]
[WhiteTeamCountry "HUN"]
[BlackTeamCountry "HUN"]

1. Nf3 d5 2. b3 Nf6 3. Bb2 Bf5 4. g3 e6 5. Bg2 Be7 6. 0-0 0-0 7. d3 h6 8. Nbd2 c5 9. Ne5 Bh7 10. e4 dxe4 11. dxe4 Nbd7 12. Nxd7 Nxd7 13. Qe2 Qc7 14. Rad1 Bf6 15. Bxf6 Nxf6 16. Nc4 Rad8 17. e5 Nd5 18. Bxd5 Rxd5 19. f4 Rfd8 20. Nd6 Rxd1 21. Rxd1 Bg6 22. c4 Kh7 23. Rf1 Rxd6 24. exd6 Qxd6 25. Rd1 Qc6 26. Re1 Qd6 27. Qe3 Qa6 28. Qd2 Qc6 29. Qg2 Qd6 30. h3 Qd3 31. Kh2 a5 32. Qe2 Qc3 33. Qe3 Qc2+ 34. Re2 Qd1 35. Qd2 Qf1 36. Qe1 Qf3 37. Re3 Qc6 38. Qxa5 1-0

[Event "EU-Cup 25th"]
[Site "Ohrid"]
[Date "2009.10.06"]
[Round "3.4"]
[White "Magyar, Andras"]
[Black "Fiebig, Thomas"]
[Result "0-1"]
[WhiteElo "2298"]
[BlackElo "2416"]
[PlyCount "94"]
[EventDate "2009.10.04"]
[EventType "team-swiss"]
[EventRounds "7"]
[EventCountry "MKD"]
[SourceTitle "CBM 133"]
[Source "ChessBase"]
[SourceDate "2009.11.19"]
[SourceVersion "1"]
[SourceVersionDate "2009.11.19"]
[SourceQuality "1"]
[WhiteTeam "Szombathely"]
[BlackTeam "Eupen Rochade"]
[WhiteTeamCountry "HUN"]
[BlackTeamCountry "BEL"]

1. e4 e6 2. d4 d5 3. Nc3 Nf6 4. e5 Nfd7 5. f4 c5 6. Nf3 Nc6 7. Be3 Be7 8. Qd2 0-0 9. Be2 a6 10. 0-0 b5 11. Nd1 b4 12. Nf2 a5 13. Rad1 Ba6 14. Bxa6 Rxa6 15. Qe2 Qc8 16. Nd3 cxd4 17. Nxd4 Nxd4 18. Bxd4 Rc6 19. Rd2 Bc5 20. c3 bxc3 21. bxc3 Bb6 22. Kh1 Nc5 23. Nxc5 Bxc5 24. h3 Bxd4 25. cxd4 Rc3 26. Kh2 Qc4 27. Qxc4 Rxc4 28. Rb1 Rfc8 29. Kg3 Rc3+ 30. Kf2 h5 31. Ke2 g6 32. Rbb2 Rg3 33. Kf2 h4 34. Rb5 a4 35. Rdb2 Rd3 36. R5b4 a3 37. Re2 Rcc3 38. Ra4 Kg7 39. Ke1 Rc1+ 40. Kf2 Rcd1 41. Re3 R1d2+ 42. Re2 Rxd4 43. Rxa3 Rxf4+ 44. Ke3 Rxe2+ 45. Kxe2 Re4+ 46. Re3 Ra4 47. a3 f6 0-1

[Event "Oberwart op-A"]
[Site "Oberwart"]
[Date "2009.07.18"]
[Round "8"]
[White "Lehner, Oliver"]
[Black "Magyar, Andras"]
[Result "1-0"]
[WhiteElo "2421"]
[BlackElo "2262"]
[PlyCount "71"]
[EventDate "2009.07.11"]
[EventType "swiss"]
[EventRounds "9"]
[EventCountry "AUT"]
[SourceTitle "CBM 131 Extra"]
[Source "ChessBase"]
[SourceDate "2009.09.03"]
[SourceVersion "2"]
[SourceVersionDate "2009.09.16"]
[SourceQuality "1"]

1. d4 Nf6 2. c4 g6 3. Nc3 Bg7 4. e4 d6 5. Nf3 0-0 6. Be2 e5 7. Be3 Ng4 8. Bg5 f6 9. Bc1 f5 10. dxe5 Nxe5 11. exf5 Rxf5 12. 0-0 Nbc6 13. Nd5 Rf8 14. Nxe5 Nxe5 15. Bd2 Bf5 16. Bc3 Qd7 17. Qd2 Rae8 18. Rad1 Qf7 19. f4 Ng4 20. Rde1 Bxc3 21. Qxc3 Nf6 22. Bf3 Nxd5 23. Bxd5 Be6 24. Rxe6 Rxe6 25. Bxb7 Qd7 26. Bd5 c6 27. Bxe6+ Qxe6 28. Re1 Qf6 29. Qxf6 Rxf6 30. g3 Kf7 31. b4 Rf5 32. a4 g5 33. Re4 h5 34. Kf2 Kf6 35. Ke3 g4 36. Re8 1-0

[Event "Oberwart op-A"]
[Site "Oberwart"]
[Date "2009.07.15"]
[Round "5"]
[White "Nemeth, Miklos"]
[Black "Magyar, Andras"]
[Result "1/2-1/2"]
[WhiteElo "2486"]
[BlackElo "2262"]
[PlyCount "57"]
[EventDate "2009.07.11"]
[EventType "swiss"]
[EventRounds "9"]
[EventCountry "AUT"]
[SourceTitle "CBM 131 Extra"]
[Source "ChessBase"]
[SourceDate "2009.09.03"]
[SourceVersion "2"]
[SourceVersionDate "2009.09.16"]
[SourceQuality "1"]

1. g3 Nf6 2. Bg2 g6 3. e4 d6 4. d4 Bg7 5. Ne2 c5 6. 0-0 cxd4 7. Nxd4 0-0 8. Nc3 Bd7 9. Nb3 Nc6 10. h3 Rc8 11. Nd5 Ne5 12. Re1 Nc4 13. c3 Re8 14. Ne3 Qc7 15. Nxc4 Qxc4 16. Bg5 Rc7 17. Qd2 Qa4 18. e5 dxe5 19. Rxe5 b6 20. Nd4 Qa6 21. Rae1 e6 22. Bf4 Rc5 23. Rxc5 bxc5 24. Nb3 Rc8 25. Bd6 Qxa2 26. Nxc5 Bc6 27. Be5 Bxg2 28. Kxg2 Qc4 29. b4 1/2-1/2

[Event "HUN-chT2 Charousek 0809"]
[Site "Hungary"]
[Date "2009.04.19"]
[Round "11"]
[White "Makk, Robert"]
[Black "Magyar, Andras"]
[Result "0-1"]
[WhiteElo "2023"]
[BlackElo "2255"]
[PlyCount "78"]
[EventDate "2008.10.26"]
[EventType "team-tourn"]
[EventRounds "11"]
[EventCountry "HUN"]
[SourceTitle "EXT 2010"]
[Source "ChessBase"]
[SourceDate "2010.11.25"]
[SourceVersion "1"]
[SourceVersionDate "2010.11.25"]
[SourceQuality "1"]
[WhiteTeam "Sarvar"]
[BlackTeam "Haladas II"]
[WhiteTeamCountry "HUN"]
[BlackTeamCountry "HUN"]

1. e4 c5 2. Nf3 Nc6 3. d4 cxd4 4. Nxd4 Nf6 5. Nc3 d6 6. Bc4 e6 7. Be3 a6 8. Qe2 Qc7 9. Bb3 Na5 10. 0-0-0 b5 11. f3 Nd7 12. Kb1 Nc5 13. Qf2 Bd7 14. g4 Be7 15. h4 b4 16. Nce2 Nab7 17. c3 a5 18. cxb4 axb4 19. Nc1 Na5 20. g5 Naxb3 21. Ndxb3 Ba4 22. Qd2 Bxb3 23. axb3 Qa5 24. Bxc5 Qxc5 25. Nd3 Qa7 26. Nxb4 0-0 27. Rc1 Rfb8 28. Qc3 Rxb4 29. Qxb4 Qa1+ 30. Kc2 Rc8+ 31. Qc4 Rxc4+ 32. bxc4 Qa2 33. Kc3 Qa5+ 34. Kd3 Qb6 35. Rh2 Qb3+ 36. Rc3 Qd1+ 37. Ke3 Bd8 38. b4 Qg1+ 39. Rf2 Qe1+ 0-1

[Event "HUN-chT2 Charousek 0809"]
[Site "Hungary"]
[Date "2009.04.05"]
[Round "10"]
[White "Magyar, Andras"]
[Black "Antal, Tibor Kende"]
[Result "1-0"]
[WhiteElo "2255"]
[BlackElo "2100"]
[PlyCount "65"]
[EventDate "2008.10.26"]
[EventType "team-tourn"]
[EventRounds "11"]
[EventCountry "HUN"]
[SourceTitle "EXT 2010"]
[Source "ChessBase"]
[SourceDate "2010.11.25"]
[SourceVersion "1"]
[SourceVersionDate "2010.11.25"]
[SourceQuality "1"]
[WhiteTeam "Haladas II"]
[BlackTeam "Paks II"]
[WhiteTeamCountry "HUN"]
[BlackTeamCountry "HUN"]

1. e4 c5 2. Nf3 d6 3. d4 cxd4 4. Nxd4 Nf6 5. Nc3 a6 6. Bg5 e6 7. Qf3 Be7 8. 0-0-0 Qc7 9. Qg3 Nc6 10. Be2 Bd7 11. Rhe1 0-0-0 12. Be3 e5 13. Nb3 Nb4 14. f3 Kb8 15. a3 Nc6 16. Qf2 Rdf8 17. Bb6 Qc8 18. Nd5 Nxd5 19. exd5 Bg5+ 20. Kb1 Ne7 21. Na5 Qe8 22. Rd3 Bb5 23. c4 Bd7 24. Rb3 Bc8 25. Rd1 f5 26. c5 dxc5 27. Qxc5 Ka8 28. Nc4 Rf6 29. Bc7 Bd7 30. Bxe5 Rg6 31. Nb6+ Rxb6 32. Qxb6 Nxd5 33. Qxb7# 1-0

[Event "Oberliga Wuerttemberg 0809"]
[Site "Wuerttemberg"]
[Date "2009.03.01"]
[Round "7.5"]
[White "Magyar, Andras"]
[Black "Zimber, Armin"]
[Result "1-0"]
[WhiteElo "2268"]
[BlackElo "2076"]
[PlyCount "83"]
[EventDate "2008.10.12"]
[EventType "team-tourn"]
[EventRounds "9"]
[EventCountry "GER"]
[SourceTitle "EXT 2019"]
[Source "ChessBase"]
[SourceDate "2018.10.10"]
[SourceVersion "1"]
[SourceVersionDate "2018.10.10"]
[SourceQuality "1"]
[WhiteTeam "Rommelshausen"]
[BlackTeam "Feuerbach"]
[WhiteTeamCountry "GER"]
[BlackTeamCountry "GER"]

1. e4 c6 2. d4 d5 3. e5 c5 4. Nf3 Nc6 5. c4 cxd4 6. cxd5 Qxd5 7. Nc3 Qa5 8. Nxd4 Qxe5+ 9. Be3 Bd7 10. Bb5 Nf6 11. 0-0 Qc7 12. Be2 a6 13. Rc1 e5 14. Nb3 Be7 15. Nc5 0-0 16. Nxd7 Qxd7 17. Qxd7 Nxd7 18. Nd5 Bd8 19. Rfd1 Nf6 20. Bc5 Re8 21. Nxf6+ Bxf6 22. Rd7 Nd4 23. Bc4 Ne6 24. Bxe6 Rxe6 25. Rxb7 Rc6 26. b4 Rac8 27. Rd1 R6c7 28. Rxc7 Rxc7 29. Rd6 Be7 30. Rxa6 Bxc5 31. bxc5 Kf8 32. c6 Ke7 33. Kf1 Kd6 34. Ke2 f5 35. Kd3 g5 36. Kc4 h5 37. Kb5 e4 38. Kc4 h4 39. Kd4 h3 40. gxh3 Rh7 41. c7+ Kd7 42. Ra8 1-0